• 首页
  • 本馆介绍
  • 公告通知
  • 最新文献
  • 馆藏检索
  • 电子资源
  • 读者导购
  • 参考咨询
  • 我的图书馆
  • 登录
  • 详细信息显示
  • 放入我的书架
  • 预约/预借图书
  • 作者相关作品
  • 分类相关作品
  • 丛书相关作品
  • 出版社相关作品

书目信息

  • 表格格式
  • 工作单格式
  • 卡片格式
题名:
动物营养学
    
 
作者: 杨凤
分册:  
出版信息: 北京   中国农业出版社  2000
页数: 325
开本: 26cm
丛书名:
单 册:
中图分类: Q493
科图分类:
主题词: 新陈代谢 , 营养(生物)
电子资源:
ISBN: 7-109-06615-0
000 00527nam0 2200205 450
001 0741144344
005 20070817112544.34
010    @a7-109-06615-0@d¥28.50
100    @a20070817d km y0chiy0120 ea
101 0  @achi
200 1  @a动物营养学@Adong wu ying yang xue@f杨凤@Fyang feng
205    @a2版
210    @a北京@c中国农业出版社@d2000
215    @a325@d26cm
606 0  @a新陈代谢
606 0  @a营养(生物)
690    @aQ493@v3
701  0 @a杨凤@Ayang feng
801  0 @aCN@bPFT@c20070817
905    @a213230@dQ493@en2@f1
    
    动物营养学/杨凤.-2版.-北京:中国农业出版社,2000
    325;26cm
    
    
    ISBN 7-109-06615-0:¥28.50
    
●
相关链接 在E读中查询图书 在五车中查询图书 在当当中查询图书 在豆瓣中查询图书


正题名:动物营养学     索取号:Q493/n2         预约/预借

序号 登录号 条形码 馆藏地/架位号 状态 备注
1 6600162   266001621   密集书库-生命科学系/ [索取号:Q493/n2] 在馆    
唐山师范学院图书馆 欢迎您!
大连网信软件有限公司© 版权所有